| Tag |
First Indicator |
Second Indicator |
Subfields |
| LEADER |
00000cam a2200000 i 4500 |
| 001 |
in00004436607 |
| 008 |
201012s2020 sz b 001 0 eng d |
| 005 |
20250318215433.9 |
| 019 |
|
|
|a 1147277624
|
| 020 |
|
|
|a 9783030465292
|
| 020 |
|
|
|a 3030465292
|q hardback
|
| 020 |
|
|
|z 9783030465308 (PDF ebook)
|
| 035 |
|
|
|a (OCoLC)on1202897544
|
| 035 |
|
|
|a (OCoLC)1202897544
|z (OCoLC)1147277624
|
| 040 |
|
|
|a UKMGB
|b eng
|e rda
|c UKMGB
|d OCLCO
|d OCLCF
|d YDX
|d OCLCO
|d LEATE
|d UtOrBLW
|
| 050 |
|
4 |
|a PS221
|b .F65 2020
|
| 082 |
0 |
4 |
|a 810.9355
|2 23
|
| 100 |
1 |
|
|a Foltz, Mary C.,
|e author.
|
| 245 |
1 |
0 |
|a Contemporary American literature and excremental culture :
|b American sh*t /
|c Mary C. Foltz.
|
| 264 |
|
1 |
|a Cham, Switzerland :
|b Palgrave Macmillan,
|c [2020]
|
| 300 |
|
|
|a ix, 272 pages ;
|c 21 cm.
|
| 336 |
|
|
|a text
|b txt
|2 rdacontent
|
| 337 |
|
|
|a unmediated
|b n
|2 rdamedia
|
| 338 |
|
|
|a volume
|b nc
|2 rdacarrier
|
| 490 |
1 |
|
|a American literature readings in the 21st century
|
| 504 |
|
|
|a Includes bibliographical references and index.
|
| 520 |
|
|
|a 'Foltzs study of human waste in Ishmael Reed, Thomas Pynchon, Gloria Naylor, Don DeLillo, Jonathan Franzen, and Samuel Delany convincingly demonstrates their scatological games to be premised on contesting psychoanalytic theorys complicity in the upholding of white hegemony, heteronormativity, and patriarchal imperialism. American Sh*t is a valuable intervention into a field that has been too quick to relegate psychoanalysis to the "scrap heap"--and a compelling example of what literary analysis that circumvents the strictures of category and genre can achieve. -- Dr. Rachele Dini, Department of English and Creative Writing, University of Roehampton, UK Contemporary American Literature and Excremental Culture: American Sh*t analyzes post-1960 scatological novels that utilize representations of human waste to address pressing issues, including pollution of waterways, environmental racism, and militarism. Primarily examining postmodern parody, the book shows the value of aesthetic renderings of sanitary engineering for composting ideologies that fuel a ruinous impact on the world. Drawing on late twentieth-century psychoanalytic thinkers Norman O. Brown, Frantz Fanon, and Leo Bersani, American Sh*t shows the continued relevance of psychoanalytic interpretations of contemporary fiction for understanding post-45 authors engagement with waste. Ultimately, the monograph reveals how novelists Ishmael Reed, Jonathan Franzen, Gloria Naylor, Don DeLillo, and Samuel R. Delany critique subjects who abnegate their status as waste-producing beings and bring readers back to embrace Winner of the 2019 Northeast Modern Language Association Book Award for Literary Criticism of English Language Literature.
|
| 650 |
|
0 |
|a American literature
|y 20th century
|x History and criticism.
|0 http://id.loc.gov/authorities/subjects/sh2007101049
|
| 650 |
|
0 |
|a American literature
|y 21st century
|x History and criticism.
|
| 650 |
|
0 |
|a Feces in literature.
|0 http://id.loc.gov/authorities/subjects/sh2008000669
|
| 650 |
|
0 |
|a Social problems in literature.
|0 http://id.loc.gov/authorities/subjects/sh85123990
|
| 650 |
|
0 |
|a Environmental degradation in literature.
|0 http://id.loc.gov/authorities/subjects/sh2012003312
|
| 650 |
|
7 |
|a American literature.
|2 fast
|0 (OCoLC)fst00807113
|
| 650 |
|
7 |
|a Environmental degradation in literature.
|2 fast
|0 (OCoLC)fst01903131
|
| 650 |
|
7 |
|a Feces in literature.
|2 fast
|0 (OCoLC)fst01903223
|
| 650 |
|
7 |
|a Social problems in literature.
|2 fast
|0 (OCoLC)fst01122806
|
| 648 |
|
7 |
|a 1900-2099
|2 fast
|
| 655 |
|
7 |
|a Criticism, interpretation, etc.
|2 fast
|0 (OCoLC)fst01411635
|
| 776 |
0 |
8 |
|i ebook version :
|z 9783030465308
|
| 830 |
|
0 |
|a American literature readings in the 21st century.
|0 http://id.loc.gov/authorities/names/n2005083687
|
| 852 |
8 |
|
|b pda,print
|z This title is available for the library to purchase for your use. Click the "Purchase It For Me" button to place a request. This item may take 5-10 business days to arrive.
|
| 955 |
|
|
|a Print PDA title
|
| 999 |
f |
f |
|s 99d24992-a07a-4131-a474-1c8787c16f26
|i 248e1443-a4ac-3529-9c5b-d7eb734c43f5
|t 0
|
| 952 |
f |
f |
|a Texas A&M University
|b College Station
|c Sterling C. Evans Library
|d Purchase on Demand
|t 0
|e PS221 .F65 2020
|h Library of Congress classification
|
| 998 |
f |
f |
|a PS221 .F65 2020
|t 0
|l Purchase on Demand
|